| 000 | 00000nas 2200000zi 4500 |
| 001 | 9.929498 |
| 003 | CaOODSP |
| 005 | 20250502172006 |
| 006 | m o d f |
| 007 | cr cn |||||||| |
| 008 | 231026d20232023oncar p o f0###a0eng|d |
| 022 | |a2817-822X |
| 040 | |aCaOODSP|beng|erda|cCaOODSP |
| 043 | |an-cn--- |
| 086 | 1 |aT91-13E-PDF |
| 110 | 1 |aCanada. |bInfrastructure Canada, |eauthor, |eissuing body. |
| 222 | 0|aProgress report on INFC's accessibility plan |
| 245 | 10|a... progress report on INFC's accessibility plan. |
| 246 | 3 |aProgress report on Infrastructure Canada's accessibility plan |
| 264 | 1|aOttawa, ON : |bInfrastructure Canada, |c2023. |
| 310 | |aAnnual |
| 336 | |atext|btxt|2rdacontent |
| 337 | |acomputer|bc|2rdamedia |
| 338 | |aonline resource|bcr|2rdacarrier |
| 362 | 1 |aBegan and ceased with: 2023. |
| 500 | |aIssued also in French under title: Rapport d'étape de ... sur le plan d'accessibilité d'INFC. |
| 588 | |aDescription based on: 2023; title from PDF cover. |
| 588 | |aLatest issue consulted: 2023. |
| 610 | 10|aCanada. |bInfrastructure Canada|vPeriodicals. |
| 650 | 0|aBarrier-free design|zCanada|xPlanning|vPeriodicals. |
| 650 | 0|aPeople with disabilities|xGovernment policy|zCanada|vPeriodicals. |
| 655 | 7|aPeriodicals|2lcgft |
| 775 | 08|tRapport d'étape de ... sur le plan d'accessibilité d'INFC.|w(CaOODSP)9.929497 |
| 785 | 00|t... progress report on Housing, Infrastructure and Communities Canada's accessibility plan.|w(CaOODSP)9.945816 |